| 000 | 00423nam a2200157Ia 4500 | ||
|---|---|---|---|
| 008 | 180420s9999 xx 000 0 und d | ||
| 040 | _aPK-NaQUE | ||
| 100 | _a14CE10 | ||
| 100 | _ayasir Khan | ||
| 245 | 0 | _aEffects of Fine Aggregate Replacement For the Degree of Bachelor of Civil Engineering | |
| 260 | _aNawabshah | ||
| 260 | _bQUEST | ||
| 260 | _c2014 | ||
| 300 | _a48 | ||
| 700 | _aDepartment Of Civil Engineering | ||
| 999 |
_c58456 _d58453 |
||